00817nam a2200217Ii 45000010005000000030009000050080041000140400033000550410008000880820019000961100085001152450061002002640040002613000012003013360026003133370028003393380027003679400050003949990017004449520138004613446CO-ViMGA241108s9999||||xx |||||||||||||| ||und|| aCO-ViMGAbspaerdacCO-ViMGA0 aspa04a327.174 - C7551 aConsejo científico para investigar los problemas de la paz y el desarme95285610aLa Paz y el desarme:bInvestigaciones científicas 1984 1aBogotá, Colombia : Progreso, 1984 avolumen atextbtxt2rdacontent aunmediatedbn2rdamedia avolumebnc2rdacarrier aidficha_siabuc: 3362. -- ficha_no_siabuc:3446 c47847d47847 001040708001aMEVIGERRbMEVIGERRcGENd2006-11-27o327.174 - C755pECA2007r2024-11-26 09:37:40tEj.1w2024-11-26yBKz3362 | 4972